1961 1493 1303 1179 1831 1833 1238 1224 1141 1538 1501 1204 1413 1771 1753 1599 1517 1233 1195 1688 1642 1076 1295 1601 1198 1096 1738 1440 1580 1704 1087 1046 1395 1424 1692 1617 1632 1214 1995 1364 1954 1891 1762 1842 1542 1674 1848 1233 2000 1834 1769 1025 1143 1327 1054 1329 1151 1700 1552 1254 1086 1724 1649 1177 1614 1339 1461 1782 1605 1741 1800 1668 1291 1865 1909 1937 1048 1930 1617 1344 1118 1613 1049 1182 1503 1313 1995 1254 1348 1128 1239 1252 1726 1984 1290 1573 1012 1987 1580 BCNSPRNW ULIB Ver.6.0+V

เปลี่ยนเป็นภาษาไทย

Change to English
 แสดงรายละเอียดบรรณานุกรม
  กลับหน้าหลัก

Brief Record : Get Marc (ISO 2709) : E-mail record : QR code < ปิดหน้าต่าง
LEADER : 00000nam 2200000uu 4500
001    13399123676
003     ULIB
008    141105s2556||||th 000 0 tha d
020    ^a9789742894443
060 04 ^aWK810^bค695
245 00 ^aคู่มือปรับวิถีชีวิตพิชิตเบาหวาน /^cโดยผู้เชี่ยวชาญจากศูนย์เบาหวานโรงพยาบาลศิริราช ; ปิยะนุช เศรษฐวงศ์, ภาพประกอบ
250    ^aพิมพ์ครั้งที่ 1
260    ^aกรุงเทพฯ :^bอมรินทร์สุขภาพ,^c2556
300    ^a147 หน้า :^bภาพประกอบ ;^c21 ซม.
490 1  ^aชุดโรคภัยใกล้ตัว ;^vลำดับที่ 38
650  4 ^aเบาหวาน^xการดูแลตนเอง
650  4 ^aเบาหวาน^xการป้องกันและควบคุม
650  4 ^aเบาหวาน^xการรักษา
650  4 ^aเบาหวาน^xผู้ป่วย^xโภชนาการ
700 0  ^aปิยะนุช เศรษฐวงศ์,^eผู้เขียนภาพประกอบ
710 2  ^aโรงพยาบาลศิริราช. ^bผู้เชี่ยวชาญจากศูนย์เบาหวาน
830  0 ^aชุดโรคภัยใกล้ตัว ;^vลำดับที่ 38
945    ^p159^l0^i036700
945    ^p159^l0^i036701
945    ^p159^l0^i036702
945    ^p159^l0^i036703
945    ^p159^l0^i036704
945    ^p159^l0^i036705
945    ^p159^l0^i036706
945    ^p159^l0^i036707
999    ^aเกษร โพธิ์สุวรรณ
รายการนี้ยังไม่มีแท็ก
คุณยังไม่ได้ล็อกอิน คุณสามารถมีกิจกรรมร่วมกับเว็บไซต์ได้ แต่ต้องล็อกอินก่อน ::
  ล็อกอิน

รายการสื่อสารสนเทศ

ลำดับที่ ประเภท เลขเรียก/บาร์โค้ด สถานที่ สถานะ
1. วิทยาศาสตร์การแพทย์ และสุขภาพ
หนังสือสำรอง
สถานะ=หนังสือสำรอง
WK810 ค695 ฉ.1 
  Barcode: 036700
ห้องสมุดวิทยาเขตสวรรค์ประชารักษ์
►ส่วนจัดเก็บหนังสือเก่า สปร
บนชั้น
  ขอยืม
2. วิทยาศาสตร์การแพทย์ และสุขภาพ
วิทยาศาสตร์การแพทย์ และสุขภาพ
WK810 ค695 ฉ.2 
  Barcode: 036701
ห้องสมุดวิทยาเขตสวรรค์ประชารักษ์
►ส่วนจัดเก็บหนังสือเก่า สปร
บนชั้น
  ขอยืม
3. วิทยาศาสตร์การแพทย์ และสุขภาพ
วิทยาศาสตร์การแพทย์ และสุขภาพ
WK810 ค695 ฉ.3 
  Barcode: 036702
ห้องสมุดวิทยาเขตสวรรค์ประชารักษ์
►ส่วนจัดเก็บหนังสือเก่า สปร
บนชั้น
  ขอยืม
4. วิทยาศาสตร์การแพทย์ และสุขภาพ
วิทยาศาสตร์การแพทย์ และสุขภาพ
WK810 ค695 ฉ.4 
  Barcode: 036703
ห้องสมุดวิทยาเขตสวรรค์ประชารักษ์
►ส่วนจัดเก็บหนังสือเก่า สปร
บนชั้น
  ขอยืม
5. วิทยาศาสตร์การแพทย์ และสุขภาพ
วิทยาศาสตร์การแพทย์ และสุขภาพ
WK810 ค695 ฉ.5 
  Barcode: 036704
ห้องสมุดวิทยาเขตสวรรค์ประชารักษ์
►ส่วนจัดเก็บหนังสือเก่า สปร
บนชั้น
  ขอยืม
6. วิทยาศาสตร์การแพทย์ และสุขภาพ
วิทยาศาสตร์การแพทย์ และสุขภาพ
WK810 ค695 ฉ.6 
  Barcode: 036705
ห้องสมุดวิทยาเขตสวรรค์ประชารักษ์
►ส่วนจัดเก็บหนังสือเก่า สปร
บนชั้น
  ขอยืม
7. วิทยาศาสตร์การแพทย์ และสุขภาพ
วิทยาศาสตร์การแพทย์ และสุขภาพ
WK810 ค695 ฉ.7 
  Barcode: 036706
ห้องสมุดวิทยาเขตสวรรค์ประชารักษ์
►ส่วนจัดเก็บหนังสือเก่า สปร
บนชั้น
  ขอยืม
8. วิทยาศาสตร์การแพทย์ และสุขภาพ
วิทยาศาสตร์การแพทย์ และสุขภาพ
WK810 ค695 ฉ.8 
  Barcode: 036707
ห้องสมุดวิทยาเขตสวรรค์ประชารักษ์
►ส่วนจัดเก็บหนังสือเก่า สปร
บนชั้น
  ขอยืม

รายการใกล้เคียง
    หัวเรื่อง [เบาหวาน การป้องกันและควบคุม]
    หัวเรื่อง [เบาหวาน การรักษา]

BibComment


ยังไม่เคยถูกคอมเมนท์

คอมเมนท์ทรัพยากรรายการนี้
  คอมเมนท์: คู่มือปรับวิถีชี..


 Copyright 2026. Bcnsprnw @Library